00793nam a22002657a 4500003000400000005001700004008004100021020001800062082001600080245007100096260003200167300001600199653001300215653003200228653001600260653002300276653002700299653003100326700003100357700002500388700003000413700003000443700002900473700002500502OSt20220808105839.0220808b |||||||| |||| 00| 0 eng d a9783030439804 a005.7bAR1P aPrinciples of data sciencecedited by Hamid R. Arabnia...[et. al.] aSwitzerlandbSpringerc2020 axiv, 278 p. aBig data aStatistics--Data processing aData mining aPattern perception aElectrical engineering aComputational intelligence aArabnia, Hamid R. eEditor aDaimi, KevineEditor aSoviany, CristinaeEditor aStahlbock, RoberteEditor aHeiling, LeonardeEditor aBrussau, KaieEditor